| 000 | 00941cam a2200289 i 4500 | ||
|---|---|---|---|
| 999 |
_c200447854 _d66066 |
||
| 001 | 200447854 | ||
| 003 | TR-AnTOB | ||
| 005 | 20241129155057.0 | ||
| 007 | ta | ||
| 008 | 220302b tu a 000 0 tur d | ||
| 040 |
_aTR-AnTOB _beng _erda _cTR-AnTOB _dTR-AnTOB |
||
| 041 | 0 | _atur | |
| 050 | 1 | 4 |
_bHD9259.O4 _aY46 |
| 090 |
_aTOBBK HD9259.O4 _bY46 |
||
| 245 | 0 | 0 |
_aYemeklik zeytin imalatı / _cUluslararası Zeytin ve Zeytinyağı Konseyi. |
| 264 | 1 |
_aMadrid : _bUluslararası Zeytin ve Zeytinyağı Konseyi, _c[date of publication not identified] |
|
| 300 |
_a83 pages : _billustrations ; _c24 cm |
||
| 336 |
_atext _btxt _2rdacontent |
||
| 337 |
_aunmediated _bn _2rdamedia |
||
| 338 |
_avolume _bnc _2rdacarrier |
||
| 653 | _a Zeytin-Tarım ekonomisi | ||
| 653 | _a Gıda teknolojisi-Zeytin | ||
| 653 | _aZeytin endüstrisi ve ticareti | ||
| 942 |
_2z _cBK |
||